000 01833nam a2200481 i 4500
001 47056
003 KOSZ 005
005 20200624113907.0
008 200408s1973 pl a f 000 0 pol
015 _aUWD B 1976/783
035 _a991030136939705066
035 _a(PL-WaBN)b18128609-48omnis_nlop
035 _ab18128609
035 _a(OCoLC)836262556
035 _a(PL)b0000001812860
035 _a(EXLNZ-48OMNIS_NETWORK)9910514773205606
040 _aWA N
_cWA N
_dKOSZ 005/RW
046 _k1973
080 _a631.3
245 0 0 _aSystem maszyn rolniczych i leśnych.
_nT. 1,
_pCzęść ogólna - wskaźniki eksploatacyjno-ekonomiczne /
_c[redakcja Henryk Bernacki] ; Instytut Mechanizacji i Elektryfikacji Rolnictwa.
246 3 0 _aCzęść ogólna - wskaźniki eksploatacyjno-ekonomiczne
250 _aWydanie 4.
260 _aWarszawa :
_bPaństwowe Wydawnictwo Rolnicze i Leśne :
_bna zlecenie Ministerstwa Rolnictwa [etc.],
_c1973.
300 _a151, [1] stron :
_bilustracje ;
_c25 cm.
336 _aTekst
_btxt
_2rdacontent
337 _aBez urządzenia pośredniczącego
_bn
_2rdamedia
338 _aWolumin
_bnc
_2rdacarrier
380 _aKsiążki
380 _aPublikacje fachowe
388 _a1901-2000
388 _a1945-1989
500 _aTytuł wydania poprzedniego: System maszyn rolniczych.
506 _aDo użytku służbowego.
650 7 _aMaszyny i narzędzia rolnicze
_2DBN
650 7 _aObsługa i eksploatacja
655 7 _aOpracowanie
658 _aRolnictwo i leśnictwo
700 1 _aBernacki, Henryk
_eRedakcja
710 2 _aPaństwowe Wydawnictwo Rolnicze i Leśne
_4pbl
856 _uhttp://koha.tu.koszalin.pl/cgi-bin/koha/opac-detail.pl?biblionumber=47056
_yKatalog online BPK
942 _2UKD
_cKS
999 _c47056
_d47056